Online
Catalog

Oferta y demanda de información y capacitación para un mejor relacionamiento institucional Estado-Sociedad Civil / (Record no. 55253)

MARC details
000 -CABECERA
campo de control de longitud fija 01436nam a22003017i 4500
003 - IDENTIFICADOR DEL NÚMERO DE CONTROL
campo de control DO-SdBNP
005 - FECHA Y HORA DE LA ÚLTIMA TRANSACCIÓN
campo de control 20231023145145.0
007 - CAMPO FIJO DE DESCRIPCIÓN FÍSICA--INFORMACIÓN GENERAL
campo de control de longitud fija ta
008 - DATOS DE LONGITUD FIJA--INFORMACIÓN GENERAL
campo de control de longitud fija 231023b2002 dr a|||| |||| 00| 0 spa d
020 ## - NÚMERO INTERNACIONAL ESTÁNDAR DEL LIBRO
Número Internacional Estándar del Libro 9993425230
040 ## - FUENTE DE LA CATALOGACIÓN
Centro catalogador/agencia de origen DO-SdBNP
Lengua de catalogación spa
Centro/agencia transcriptor BNPHU
Normas de descripción rda
100 ## - ENTRADA PRINCIPAL--NOMBRE DE PERSONA
Nombre de persona Báez, Clara
9 (RLIN) 9467
Término indicativo de función/relación autora
245 10 - MENCIÓN DE TÍTULO
Título Oferta y demanda de información y capacitación para un mejor relacionamiento institucional Estado-Sociedad Civil /
Mención de responsabilidad, etc. Clara Báez ; con la colaboración de Mariví Arregui ; edición, Guadalupe Valdez ; corrección, Sulamita Puig.
264 ## - PRODUCCIÓN, PUBLICACIÓN, DISTRIBUCIÓN, FABRICACIÓN Y COPYRIGHT
Producción, publicación, distribución, fabricación y copyright Santo Domingo :
Nombre del de productor, editor, distribuidor, fabricante Instituto Tecnológico de Santo Domingo,
-- Banco Interamericano de Desarrollo,
Fecha de producción, publicación, distribución, fabricación o copyright 2002.
300 ## - DESCRIPCIÓN FÍSICA
Extensión xvi, 119 páginas :
Otras características físicas ilustraciones ;
Dimensiones 28 cm.
336 ## - TIPO DE CONTENIDO
Fuente rdacontent
Término de tipo de contenido texto
Código de tipo de contenido txt
337 ## - TIPO DE MEDIO
Fuente rdamedia
Nombre/término del tipo de medio sin mediación
Código del tipo de medio n
338 ## - TIPO DE SOPORTE
Fuente rdacarrier
Nombre/término del tipo de soporte volumen
Código del tipo de soporte nc
490 0# - MENCIÓN DE SERIE
Mención de serie Sociedad Civil
-- Documentos de Trabajo
Designación de volumen o secuencia 15
500 ## - NOTA GENERAL
Nota general A cabeza de portada: Programa de Fortalecimiento de Organizaciones de la Sociedad Civil. A cabeza de la caratula: Las Organizaciones de la Sociedad Civil en la República DominicanaNotas a pie de página
590 ## - NOTA LOCAL (RLIN)
Nota local Inventariado, 2023 /LP
700 1# - PUNTO DE ACCESO ADICIONAL--NOMBRE DE PERSONA
Nombre de persona Arregui, Mariví,
Término indicativo de función/relación colaboración
9 (RLIN) 2236
700 1# - PUNTO DE ACCESO ADICIONAL--NOMBRE DE PERSONA
Nombre de persona Valdez, Guadalupe,
Término indicativo de función/relación edición
9 (RLIN) 14014
700 1# - PUNTO DE ACCESO ADICIONAL--NOMBRE DE PERSONA
Nombre de persona Puig, Sulamita,
Término indicativo de función/relación corrección
9 (RLIN) 37790
830 ## - PUNTO DE ACCESO ADICIONAL DE SERIE-TÍTULO UNIFORME
Título uniforme Sociedad Civil
Número de parte o sección de la obra 15
Nombre de parte o sección de la obra Documentos de Trabajo
9 (RLIN) 84514
910 ## - DATOS DE OPCIÓN DEL USUARIO (OCLC)
Datos de opción del usuario lopérez
942 ## - ELEMENTOS DE PUNTO DE ACCESO ADICIONAL (KOHA)
Fuente del sistema de clasificación o colocación Dewey Decimal Classification
Tipo de ítem Koha Libro
Holdings
Estado de retiro Estado de pérdida Fuente del sistema de clasificación o colocación Restricciones de uso No para préstamo Código de colección Localización permanente Ubicación/localización actual Ubicación en estantería Fecha de adquisición Fuente de adquisición Total de préstamos Código de barras Fecha visto por última vez Precio válido a partir de Tipo de ítem Koha Número de copia
    Dewey Decimal Classification Excluido de préstamo   Patrimonio Dominicano Biblioteca Nacional Pedro Henríquez Ureña Biblioteca Nacional Pedro Henríquez Ureña Depósito 23.10.2023 Donado por INTEC 09/11/2022   2023-7205 23.10.2023 23.10.2023 Libro  
    Dewey Decimal Classification Excluido de préstamo   Patrimonio Dominicano Biblioteca Nacional Pedro Henríquez Ureña Biblioteca Nacional Pedro Henríquez Ureña Depósito 23.10.2023 Donado por INTEC 09/11/2022   2023-7206 23.10.2023 23.10.2023 Libro e.2
    Dewey Decimal Classification Préstamo en sala   Dominicana de Servicio Biblioteca Nacional Pedro Henríquez Ureña Biblioteca Nacional Pedro Henríquez Ureña Depósito 23.10.2023 Donado por INTEC 09/11/2022   2023-7207 23.10.2023 23.10.2023 Libro e.3
    Dewey Decimal Classification Préstamo en sala   Dominicana de Servicio Biblioteca Nacional Pedro Henríquez Ureña Biblioteca Nacional Pedro Henríquez Ureña Depósito 23.10.2023 Donado por INTEC 09/11/2022   2023-7208 23.10.2023 23.10.2023 Libro e.4
    Dewey Decimal Classification Préstamo en sala   Dominicana de Servicio Biblioteca Nacional Pedro Henríquez Ureña Biblioteca Nacional Pedro Henríquez Ureña Depósito 23.10.2023 Donado por INTEC 09/11/2022   2023-7209 23.10.2023 23.10.2023 Libro e.5

Powered by Koha